00317 a2200133 450000100060000002000150000604000220002110000320004324000350007524500300011030000080014036200090014865000260015760347 a8585946261 cAnchieta - Pituba aBastos, Hermenegildo José10aLiteratura e colonialismolpor10aLiteratura e colonialismo a1270 a2001 4aLiteratura brasileira